000 00612nam a2200181 4500
001 126462
003 ES-MaACL
007 t|
008 070214s1975 sp r ||||1| spa d
245 0 3 _aEl reparto de la carga fiscal.
260 _aMadrid :
_bCentro de Estudios Sociales del Valle de los Caídos,
_c1975.
300 _aXVIII, 344 p. ;
_c22 cm.
490 1 _aAnales de moral social y económica ;
_v37
710 2 _aCentro de Estudios Sociales del Valle de los Caídos.
_92674
830 0 _aAnales de moral social y económica ;
_v37
_9182660
852 _aES-MaACL
_jE-8879
_bR.93380
999 _c126462
_d126462